Welches Deutsche Städte-Suffix? - Statistiken

Allgemein
  • Dieses Quiz wurde 403 mal gespielt
  • Das Durchschnittsergebnis liegt bei 26 aus 28
Antwortstatistiken
Wortanfang Suffix % Korrekt
Wies baden
99%
Buxte hude
99%
Mönchenglad bach
98%
Pots dam
98%
Dres den
98%
Düssel dorf
98%
Darm stadt
98%
Heidel berg
97%
Pader born
97%
Cott bus
97%
Mün chen
97%
Frank furt
97%
Stutt gart
97%
Chem nitz
97%
Braun schweig
97%
Wupper tal
97%
Biele feld
96%
Ludwigs hafen
96%
Karls ruhe
96%
beck
94%
Saar brücken
94%
Augs burg
94%
Pass au
93%
Hildes heim
93%
Tüb ingen
92%
Salz gitter
82%
Ros tock
80%
Elms horn
61%
Keine übereinstimmenden Quizze gefunden
Verteilung der Resultate
Anzahl Personen mit jedem Resultat
Perzentil nach korrekt beantworteten Fragen
Ihre Resultats-Entwicklung
Sie haben dieses Quiz noch nicht gespielt